000 00689nam a2200253Ia 4500
003 OSt
005 20221005083758.0
006 a|||||r|||| 00| 0
007 ta
008 221004b |||||||| |||| 00| 0 eng d
020 _a8185990522
024 _a79453
037 _cTextual
040 _aCRL
_cCRL
_beng
041 _2eng
_aeng
082 _aY5924:356, N8
100 _aRajaram N S
245 0 _aHindu view of the world
_b Essays in the intellectual kshatriya tradition
260 _aNew Delhi
_bVoice of India India
_c1998
300 _a264p.
_ccm.
650 _aSOCIOLOGY
942 _hY5924:356, N8
_cTEXL
_2cc
999 _c991516
_d991516